O meu primeiro livro de versos (Registo nº 1692)

Detalhes MARC
000 -Etiqueta do registo
Cabeçalho 00756nam a22002771 4500
005 - Identificador da versão
Campo de controlo 20240823153108.0
010 ## - Número internacional normalizado dos livros (ISBN)
Número (ISBN) 9724111261
021 ## - Número do Depósito Legal
Código do país PT
Número 55713/92
100 ## - Dados gerais de processamento
Dados gerais de processamento 20070427d1992 c y0pory5003 ba
101 1# - Língua de publicação
Língua do texto, banda sonora, etc. Português
102 ## - Pais de publicação ou produção
País de publicação Portugal
105 ## - Campo de dados codificados: livros
Dados codificados dos livros a z 001gy
106 ## - Campo de dados codificados: material textual
Dados codificados do material textual r
200 1# - Titulo e menção de responsabilidade
Título próprio O meu primeiro livro de versos
Primeira menção de responsabilidade il. Pamela Storey
Outras menções de responsabilidade trad. Maria José Marques
205 ## - Menção da edição
Menção da edição 1ª ed.
210 ## - Publicação, Distribuição, etc. 
Lugar da edição, distribuição, etc. Porto
Nome do editor, distribuidor, etc. Asa
Data da publicação, distribuição, etc. 1992
215 ## - Descrição física 
Indicação específica da natureza do documento e extensão da espécie 44 p.
Outras indicações físicas il
Dimensões 31 cm
225 2# - Colecção 
Título próprio da colecção Dos 4 aos 7 anos
606 ## - Nome comum usado como assunto
Número de registo de entrada de autoridade 0000148
Palavra de ordem Literatura estrangeira infantil
Subdivisão de assunto Poesia
Número de registo de entrada de autoridade 0000102
Palavra de ordem Contos
675 ## - Classificação Decimal Universal (CDU)
Notação 821.134.3-1
Edição
Língua da edição por
701 #1 - Nome de autor-pessoa física (co-responsabilidade principal)
Palavra de ordem Storey
Outra parte do nome não tomada para palavra de ordem Pamela
Código de função Ilustrador / Técnico de desenho computorizado
Palavra de ordem Marques
Outra parte do nome não tomada para palavra de ordem Maria José
Código de função Tradutor
942 ## - Elementos de entrada adicionados (Koha)
Tipo de item no Koha Livro
Exemplares
Situação do levantamento Origin of item (home branch) (coded) Biblioteca de empréstimo Código de barras Cota Circulation type (not for loan) Tipo de documento Nota do exemplar Damaged status
  Biblioteca Escolar da Coca Maravilhas Biblioteca Escolar da Coca Maravilhas BECM1825/93 8EST POE STO   Livro Sem mensagem